Fr. Conceicao Rodrigues College of Engineering

Joomla 1.5: Beginners guide (Record no. 33243)

MARC details
000 -LEADER
fixed length control field 00325nam a2200157Ia 4500
082 ## - DEWEY DECIMAL CLASSIFICATION NUMBER
Classification number 4.65
Item number TIG
100 ## - MAIN ENTRY--PERSONAL NAME
Personal name Tiggeler/Eric
245 ## - TITLE STATEMENT
Title Joomla 1.5: Beginners guide
260 ## - PUBLICATION, DISTRIBUTION, ETC.
Name of publisher, distributor, etc. Shroff Publ.
Date of publication, distribution, etc. 2010
366 ## - TRADE AVAILABILITY INFORMATION
Publishers's discount category 20
300 ## - PHYSICAL DESCRIPTION
Extent 363
546 ## - LANGUAGE NOTE
Language note ENGLISH
-- Computers
654 ## - SUBJECT ADDED ENTRY--FACETED TOPICAL TERMS
Focus term joomla
942 ## - ADDED ENTRY ELEMENTS (KOHA)
Koha item type BOOK
Holdings
Withdrawn status Lost status Damaged status Not for loan Collection Home library Current library Date acquired Source of acquisition Cost, normal purchase price Inventory number Total Checkouts Full call number Barcode Date last seen Cost, replacement price Price effective from Koha item type
        CRC Fr. Agnel's C.Rodrigues College of Engineering Fr. Agnel's C.Rodrigues College of Engineering 17/03/2023 Book Base 380.00 10807 dt 26/04/2011   4.65 TIG 21548 17/03/2023 475.00   BOOK